Modern economics : Elements and problems
This book is a combination of the revised edition of Elements of mordern economics and of modern economic problems. The sequence of chapters has been planned, as far as possible, to permit the discussions in the problems to follow immediately after the theory of which they are an application.
Guardado en:
| Autor principal: | |
|---|---|
| Formato: | Libro |
| Lenguaje: | Undetermined |
| Publicado: |
New York
Prentice-Hall, Inc.
1942
|
| Materias: | |
| Etiquetas: |
Agregar Etiqueta
Sin Etiquetas, Sea el primero en etiquetar este registro!
|
| Thư viện lưu trữ: | Trung tâm Học liệu Trường Đại học Cần Thơ |
|---|
| LEADER | 00825nam a2200205Ia 4500 | ||
|---|---|---|---|
| 001 | CTU_218432 | ||
| 008 | 210402s9999 xx 000 0 und d | ||
| 082 | |a 330 | ||
| 082 | |b M612 | ||
| 100 | |a Meyers, Albert L. | ||
| 245 | 0 | |a Modern economics : | |
| 245 | 0 | |b Elements and problems | |
| 245 | 0 | |c Albert L. Meyers | |
| 260 | |a New York | ||
| 260 | |b Prentice-Hall, Inc. | ||
| 260 | |c 1942 | ||
| 520 | |a This book is a combination of the revised edition of Elements of mordern economics and of modern economic problems. The sequence of chapters has been planned, as far as possible, to permit the discussions in the problems to follow immediately after the theory of which they are an application. | ||
| 650 | |a Economics,Kinh tế học | ||
| 904 | |i Trúc | ||
| 980 | |a Trung tâm Học liệu Trường Đại học Cần Thơ | ||